UEFA Euro Host Cities since 2000 - Statistics

General Stats
  • This quiz has been taken 57 times
  • The average score is 42 of 61
Answer Stats
% Correct
2012 - Poland/Ukraine Kyiv
95%
2000 - Belgium/Netherlands Amsterdam
93%
2020 (2021) - Various Countries Amsterdam
93%
2000 - Belgium/Netherlands Brussels
93%
2004 - Portugal Lisbon
93%
2016 - France Marseille
93%
2016 - France Paris
93%
2004 - Portugal Porto
93%
2012 - Poland/Ukraine Warsaw
91%
2000 - Belgium/Netherlands Rotterdam
88%
2008 - Austria/Switzerland Vienna
88%
2024 - Germany Berlin
86%
2008 - Austria/Switzerland Bern
86%
2020 (2021) - Various Countries Munich
86%
2024 - Germany Munich
86%
2008 - Austria/Switzerland Salzburg
86%
2016 - France Lyon
84%
2016 - France Nice
84%
2016 - France Bordeaux
79%
2024 - Germany Cologne
79%
2020 (2021) - Various Countries London
79%
2008 - Austria/Switzerland Zurich
79%
2008 - Austria/Switzerland Basel
77%
2000 - Belgium/Netherlands Eindhoven
77%
2012 - Poland/Ukraine Gdańsk
77%
2008 - Austria/Switzerland Geneva
77%
2016 - France Lille
77%
2012 - Poland/Ukraine Lviv
77%
2024 - Germany Frankfurt
74%
2024 - Germany Hamburg
74%
2024 - Germany Stuttgart
74%
2000 - Belgium/Netherlands Bruges
72%
2024 - Germany Dortmund
72%
2008 - Austria/Switzerland Innsbruck
72%
2024 - Germany Leipzig
72%
2000 - Belgium/Netherlands Liége
72%
2012 - Poland/Ukraine Donetsk
70%
2020 (2021) - Various Countries Rome
70%
2020 (2021) - Various Countries Budapest
67%
2024 - Germany Dusseldorf
65%
2012 - Poland/Ukraine Poznań
65%
2004 - Portugal Braga
63%
2024 - Germany Gelsenkirchen
63%
2012 - Poland/Ukraine Wrocław
63%
2004 - Portugal Faro / Loule
60%
2012 - Poland/Ukraine Kharkiv
60%
2020 (2021) - Various Countries Baku
56%
2000 - Belgium/Netherlands Charleroi
56%
2020 (2021) - Various Countries Copenhagen
56%
2008 - Austria/Switzerland Klagenfurt
51%
2020 (2021) - Various Countries Bucharest
49%
2020 (2021) - Various Countries Glasgow
40%
2000 - Belgium/Netherlands Arnhem
37%
2004 - Portugal Coimbra
37%
2004 - Portugal Guimarães
37%
2016 - France Saint-Étienne
37%
2020 (2021) - Various Countries Saint Petersburg
37%
2020 (2021) - Various Countries Seville
35%
2016 - France Lens
33%
2004 - Portugal Aveiro
19%
2004 - Portugal Leiria
14%
No matching quizzes found
Score Distribution
Percent of People with Each Score
Percentile by Number Answered
Your Score History
You have not taken this quiz